000 00565nam a22001817a 4500
003 PILC
005 20150505083339.0
008 150505b xxu||||| |||| 00| 0 eng d
020 _a9780781781664
050 _aRT 48
_b.As846 2007
245 _aAssessment.
300 _avi, 442 pages :
_billustrations ;
_c21 cm.
440 _aLippincott manual of nursing practice series.
500 _aIncludes bibliographical references and index.
650 _aNursing assessment
_xHandbooks, manual, etc.
710 _aLippincott Williams and Wilkins.
942 _2lcc
_cBK
999 _c283821
_d283821